00659nam a2200217Ia 4500003000900000008004100009040001300050040001300063041000800076100002200084245002000106250002500126260003100151260000900182300001100191300001200202490000600214942000700220999001700227952019700244IT-RoPAU120407s9999 xx 000 0 und d aIT-RoPAU cIT-RoPAU aita aGiovanni Paolo II aPoesie di luce. aCittà del Vaticano aLibreria Editrice Vaticana c1979 a109 p. c21,5 cm v1 cBK c24307d24307 00102ddc406922_00000000000000071aPAULUSbPAULUSd2012-04-11l0o922.0r2012-04-11 00:00:00w2012-04-11yBKzInserito da: Anna In data: 12 settembre 2011 fondo: Via A.Severo 56 Progr:29368